000 00276nam a22001217a 4500
008 181107b xxu||||| |||| 00| 0 eng d
041 _aeng
080 _23rd
_a101
100 _a24
101 _aFIL
245 _aClassic Philosophical Questions
_cGould,J.A
942 _2udc
_cBK
999 _c52093
_d52093